| 000 | 00508nam a2200169 a 4500 | ||
|---|---|---|---|
| 005 | 20140312155724.0 | ||
| 008 | 140312b1989 wau||||| |||| 00| 0 eng d | ||
| 041 | _aeng | ||
| 044 | _axxu | ||
| 090 |
_aLB _b03627 |
||
| 100 |
_aVari, Richard P. _921037 |
||
| 245 | _aSystematics of the Neotropical Characiform genus Psectrogaster Eigenmann and Eigenmann (Pisces: Characiformes) | ||
| 260 |
_aWashington _bSmithsonian Institution Press _c1989 |
||
| 300 | _a42 p. | ||
| 942 |
_cImpreso _2z |
||
| 945 | _d2004-04-28 | ||
| 999 |
_c3798 _d3798 |
||